000 00906nam a2200181Ia 4500
008 100920s9999 xx 000 0 und d
082 _b4201
_a200 थ 37
100 _aताडपञीकर श्री. ना.
245 _aश्रीमभ्दागवत या गं्रथांचे सुरस मराठी भाषांतर 4 था.
260 _bग. वि. चिपळूणकर आणि मंडळी पुणे.
_c1937
300 _a458
_bसाधी
365 _b2.5
520 _aधार्मिक.
630 _aश्रीमभ्दागवत या गं्रथांचे सुरस मराठी भाषांतर 4 था.
650 _aधार्मिक.
730 _aश्रीमभ्दागवत या गं्रथांचे सुरस मराठी भाषांतर 4 था.
942 _cBOOK
999 _c673901
_d673898